Jazyk politiky a pravdivosť

Politika a hovorenie pravdy. Niekoľko príkladov nedodržania sľubov a verejných klamstiev politikov. Účelovo prispôsobené informácie, deformované prezentovanie skutočnosti. Problematika politickej komunikácie ako predmet záujmu mnohých vedcov. Princíp etiky v politickej komunikácii.

Guardado en:
Detalles Bibliográficos
Autor principal: Kozlová, Ľubomíra, 1952-
Otros Autores: Kočišová, Zuzana, 1956-
Formato: Capítulo de libro
Lenguaje:eslovaco
Materias:
Etiquetas: Agregar Etiqueta
Sin Etiquetas, Sea el primero en etiquetar este registro!

MARC

LEADER 00000nla a2200000 4500
001 0160661
005 20250815084825.8
041 0 |a slo 
044 |a SK 
245 1 0 |a Jazyk politiky a pravdivosť  |c Ľubomíra Kozlová, Zuzana Kočišová 
520 |a Politika a hovorenie pravdy. Niekoľko príkladov nedodržania sľubov a verejných klamstiev politikov. Účelovo prispôsobené informácie, deformované prezentovanie skutočnosti. Problematika politickej komunikácie ako predmet záujmu mnohých vedcov. Princíp etiky v politickej komunikácii. 
610 2 0 |a politika 
610 2 0 |a komunikácia 
610 2 0 |a informácie 
610 2 0 |a jazyk odborný 
610 2 0 |a jazyk štátny 
610 2 0 |a etika 
100 1 |a Kozlová, Ľubomíra, 1952- 
700 1 |a Kočišová, Zuzana, 1956-